000 00242nam a2200097Ia 4500
008 240625s9999 xx 000 0 und d
041 _aeng
082 _a808.20 SHA
100 _aSHARMA APARNA
245 _aHSBC ELECTRONIC DATA PROCESSING INDIA PV
999 _c36270
_d36270